000 00777nam a2200277 a 4500
001 86261
003 BD-RjUL
005 20260330100401.0
008 260330r19901966enkbe b 000 0 eng
020 _a9780140138351
035 _a(BD-RjUL)86261
040 _aDLC
_cDLC
_dDLC
_dBD-RjUL
_beng
041 _aeng
082 0 0 _223
_a954
_bTHH 1990
100 1 _aThapar, Romila.
_917888
245 1 2 _aA History of India /
_cRomila Thapar
260 _aLondon :
_bPenguin Books,
_cc1966, [reprinted 1990]
300 _av. :
_bill.;
_c19 cm.
336 _atext
_btxt
_2rdacontent
337 _aunmediated
_bn
_2rdamedia
338 _avolume
_bnc
_2rdacarrier
504 _aIncludes bibliographies and index.
505 0 1 _aVol.1--
651 0 _aIndia
_xHistory.
942 _2ddc
_cBK
999 _c86261
_d86261